[Event "Titled Tuesday intern op 12th Sep Early"]
[Site "Chess.com INT"]
[Date "2023.09.12"]
[Round "6"]
[White "Godzwon, Iwo"]
[Black "Ljukin, Sergei"]
[Result "1-0"]
[WhiteElo "2411"]
[BlackElo "2362"]
[PlyCount "83"]
[EventDate "2023.09.12"]
[EventType "swiss (blitz)"]
[EventRounds "11"]
[EventCountry "USA"]
[SourceTitle "EXT 2024"]
[Source "ChessBase"]
[SourceDate "2023.10.10"]
[SourceVersion "1"]
[SourceVersionDate "2023.10.10"]
[SourceQuality "1"]

1. e4 e6 2. d4 d5 3. Bd3 dxe4 4. Bxe4 Nf6 5. Bf3 Nbd7 6. Ne2 Bd6 7. 0-0 e5 8. Nbc3 0-0 9. Ng3 exd4 10. Qxd4 Ne5 11. Be2 Neg4 12. Bf4 Bxf4 13. Qxf4 Qd6 14. Qxd6 cxd6 15. Rad1 Rd8 16. Rd4 d5 17. Rfd1 Be6 18. Bxg4 Bxg4 19. f3 Be6 20. Nge2 Rd7 21. Nf4 Rad8 22. h4 h5 23. Kf2 Kf8 24. Nce2 Rc8 25. c3 Rc4 26. Rxc4 dxc4 27. Nxe6+ fxe6 28. Rxd7 Nxd7 29. Nf4 Nc5 30. Ke3 Na4 31. Nxe6+ Kf7 32. Nf4 g6 33. Kd4 Nxb2 34. g4 hxg4 35. fxg4 b5 36. Nd5 a5 37. a3 Na4 38. Nc7 b4 39. axb4 axb4 40. cxb4 c3 41. Kd3 Ke7 42. Nd5+ 1-0

[Event "Titled Tuesday intern op 12th Sep Early"]
[Site "Chess.com INT"]
[Date "2023.09.12"]
[Round "8"]
[White "Godzwon, Iwo"]
[Black "Souleidis, Georgios"]
[Result "1-0"]
[WhiteElo "2411"]
[BlackElo "2419"]
[PlyCount "111"]
[EventDate "2023.09.12"]
[EventType "swiss (blitz)"]
[EventRounds "11"]
[EventCountry "USA"]
[SourceTitle "EXT 2024"]
[Source "ChessBase"]
[SourceDate "2023.10.10"]
[SourceVersion "1"]
[SourceVersionDate "2023.10.10"]
[SourceQuality "1"]

1. e4 c5 2. Nf3 e6 3. d4 cxd4 4. Nxd4 Nf6 5. Nc3 Nc6 6. Ndb5 Bc5 7. Bf4 0-0 8. Bc7 Qe7 9. Bd6 Bxd6 10. Qxd6 Qd8 11. Be2 a6 12. Nd4 Qb6 13. Nb3 Ne8 14. Qd2 d6 15. 0-0 Qc7 16. a4 b6 17. f4 Bb7 18. Bf3 Nf6 19. Rad1 Rfd8 20. Kh1 Rac8 21. g4 d5 22. e5 Ne4 23. Bxe4 dxe4 24. Qe3 Nb4 25. Rxd8+ Rxd8 26. Rf2 Qc4 27. Kg1 Qc6 28. Rd2 Rxd2 29. Nxd2 Nxc2 30. Qe2 e3 31. Nde4 Nb4 32. Qxe3 Nd5 33. Qd2 h6 34. Nxd5 exd5 35. Nd6 Qc5+ 36. Kg2 Bc6 37. a5 d4+ 38. Kg3 bxa5 39. Nf5 Kf8 40. Qxd4 Qxd4 41. Nxd4 Bd7 42. f5 Ke7 43. Kf4 Ba4 44. h4 Bd7 45. g5 hxg5+ 46. hxg5 Be8 47. Nb3 a4 48. Nc5 Bb5 49. Ke4 Kd8 50. e6 fxe6 51. Nxe6+ Ke7 52. Nxg7 Bc6+ 53. Ke5 Bb5 54. g6 Bd3 55. Ne6 Bc2 56. f6+ 1-0

[Event "Titled Tuesday intern op 12th Sep Early"]
[Site "Chess.com INT"]
[Date "2023.09.12"]
[Round "5"]
[White "Rosenberg, Evan"]
[Black "Godzwon, Iwo"]
[Result "0-1"]
[WhiteElo "1883"]
[BlackElo "2411"]
[PlyCount "86"]
[EventDate "2023.09.12"]
[EventType "swiss (blitz)"]
[EventRounds "11"]
[EventCountry "USA"]
[SourceTitle "EXT 2024"]
[Source "ChessBase"]
[SourceDate "2023.10.10"]
[SourceVersion "1"]
[SourceVersionDate "2023.10.10"]
[SourceQuality "1"]

1. d4 Nf6 2. Nf3 e6 3. c4 d5 4. Nc3 Be7 5. Bg5 h6 6. Bf4 0-0 7. e3 c5 8. a3 Nc6 9. dxc5 dxc4 10. Bxc4 Bxc5 11. Qc2 a6 12. Rd1 Qe7 13. 0-0 Rd8 14. b4 Bb6 15. Na4 Bc7 16. Ba2 e5 17. Bg3 Bg4 18. Rxd8+ Rxd8 19. Nd2 Bb8 20. Nc5 Rc8 21. Nde4 Nh5 22. f3 Bf5 23. Qc4 Nxg3 24. Nxg3 Bg6 25. e4 Nd4 26. Qd5 Ba7 27. Rc1 Kh7 28. Kh1 Qg5 29. Rd1 Rc7 30. Nf5 Bxf5 31. exf5 Bxc5 32. bxc5 Re7 33. f6 Qxf6 34. Bb1+ g6 35. Re1 Qc6 36. Qc4 b6 37. Rxe5 Rd7 38. Re4 Qxc5 39. Qxc5 bxc5 40. h4 Nf5 41. h5 Ng3+ 42. Kh2 Nxe4 43. Bxe4 a5 0-1

[Event "Titled Tuesday intern op 22nd Aug Late"]
[Site "Chess.com INT"]
[Date "2023.08.22"]
[Round "4"]
[White "Godzwon, Iwo"]
[Black "Morales, Carlos1111"]
[Result "0-1"]
[WhiteElo "2402"]
[BlackElo "2106"]
[PlyCount "56"]
[EventDate "2023.08.22"]
[EventType "swiss (blitz)"]
[EventRounds "11"]
[EventCountry "USA"]
[SourceTitle "EXT 2024"]
[Source "ChessBase"]
[SourceDate "2023.10.10"]
[SourceVersion "1"]
[SourceVersionDate "2023.10.10"]
[SourceQuality "1"]

1. c4 e6 2. Nc3 d5 3. e3 Nf6 4. Nf3 Be7 5. b3 0-0 6. Bb2 b6 7. Qc2 Bb7 8. Be2 Nbd7 9. d4 c5 10. 0-0 Rc8 11. Rfd1 cxd4 12. Nxd4 Qc7 13. Rac1 Qb8 14. Qb1 dxc4 15. Bxc4 Ne5 16. Bf1 Neg4 17. g3 Rc5 18. Nce2 Rh5 19. h3 Nxf2 20. Kxf2 Ne4+ 21. Ke1 Nxg3 22. Nf4 Re5 23. Rd3 Rxe3+ 24. Rxe3 Qxf4 25. Qd3 Nxf1 26. Re2 Ng3 27. Rf2 Bb4+ 28. Bc3 Qxc1+ 0-1

[Event "Titled Tuesday intern op 22nd Aug Late"]
[Site "Chess.com INT"]
[Date "2023.08.22"]
[Round "5"]
[White "Kirillov, Dmitry1111"]
[Black "Godzwon, Iwo"]
[Result "0-1"]
[WhiteElo "2206"]
[BlackElo "2402"]
[PlyCount "120"]
[EventDate "2023.08.22"]
[EventType "swiss (blitz)"]
[EventRounds "11"]
[EventCountry "USA"]
[SourceTitle "EXT 2024"]
[Source "ChessBase"]
[SourceDate "2023.10.10"]
[SourceVersion "1"]
[SourceVersionDate "2023.10.10"]
[SourceQuality "1"]

1. d4 Nf6 2. Nf3 d5 3. Bg5 Bf5 4. Nbd2 e6 5. e3 Be7 6. c3 c6 7. Be2 Nbd7 8. Nh4 0-0 9. Nxf5 exf5 10. Bd3 Ne4 11. Bxe7 Qxe7 12. 0-0 g6 13. Re1 h5 14. f3 Nxd2 15. Qxd2 Qg5 16. Rad1 Rae8 17. e4 Qxd2 18. Rxd2 fxe4 19. fxe4 dxe4 20. Rxe4 Rxe4 21. Bxe4 Re8 22. Bf3 Nb6 23. b3 Re3 24. c4 Kf8 25. Kf2 Rc3 26. d5 cxd5 27. cxd5 Nd7 28. Re2 b6 29. h4 Nc5 30. Kg3 Rd3 31. Rc2 Rd4 32. Rc3 Ke7 33. a3 a5 34. Rc1 Kd6 35. Rb1 Rd3 36. b4 axb4 37. axb4 Ne4+ 38. Kf4 Nc3 39. Ra1 Nxd5+ 40. Ke4 Rb3 41. Rd1 Rxb4+ 42. Kd3 Nf4+ 43. Kc3+ Kc5 44. Rd7 Ne6 45. Rxf7 Rxh4 46. Rf6 Nd4 47. Rxg6 Nxf3 48. gxf3 b5 49. Rg5+ Kc6 50. Rf5 Kb6 51. Kb3 Ka5 52. Ka3 Ra4+ 53. Kb3 h4 54. Rh5 Rf4 55. Kb2 Kb4 56. Rh8 Kc4 57. Rc8+ Kd3 58. Rb8 b4 59. Kb3 Ke2 60. Rh8 Kf2 0-1

[Event "Titled Tuesday intern op 22nd Aug Late"]
[Site "Chess.com INT"]
[Date "2023.08.22"]
[Round "1"]
[White "Labussiere, Yago"]
[Black "Godzwon, Iwo"]
[Result "0-1"]
[WhiteElo "2203"]
[BlackElo "2402"]
[PlyCount "90"]
[EventDate "2023.08.22"]
[EventType "swiss (blitz)"]
[EventRounds "11"]
[EventCountry "USA"]
[SourceTitle "EXT 2024"]
[Source "ChessBase"]
[SourceDate "2023.10.10"]
[SourceVersion "1"]
[SourceVersionDate "2023.10.10"]
[SourceQuality "1"]

1. c4 e5 2. g3 Nf6 3. Bg2 c6 4. Nf3 e4 5. Nd4 d5 6. cxd5 Qxd5 7. Nb3 Be7 8. Nc3 Qe5 9. d3 exd3 10. 0-0 dxe2 11. Nxe2 0-0 12. Bf4 Qh5 13. Re1 Bg4 14. Qc2 Na6 15. a3 Nd5 16. Be5 Bf6 17. Bxf6 Nxf6 18. Nf4 Qb5 19. Nd4 Qc5 20. Qxc5 Nxc5 21. Rac1 Ncd7 22. h3 Bh5 23. Nxh5 Nxh5 24. Re7 Nhf6 25. b4 a6 26. a4 Rfe8 27. Rce1 Kf8 28. Rxe8+ Rxe8 29. Rxe8+ Nxe8 30. b5 axb5 31. axb5 c5 32. Nf5 g6 33. Ne3 Nd6 34. Bf1 Ke7 35. f4 Nf6 36. Kg2 Nfe4 37. b6 Nc8 38. Nd5+ Kd6 39. Bc4 Nd2 40. Ba2 c4 41. Ne3 Nxb6 42. Kf2 Kc5 43. Ke2 Nb3 44. Kd1 Kd4 45. Ke2 Nc1+ 0-1

[Event "Titled Tuesday intern op 08th Aug Early"]
[Site "Chess.com INT"]
[Date "2023.08.08"]
[Round "5"]
[White "Sarana, Alexey"]
[Black "Godzwon, Iwo"]
[Result "1-0"]
[WhiteElo "2685"]
[BlackElo "2402"]
[PlyCount "87"]
[EventDate "2023.08.08"]
[EventType "swiss (blitz)"]
[EventRounds "11"]
[EventCountry "USA"]
[SourceTitle "EXT 2024"]
[Source "ChessBase"]
[SourceDate "2023.10.10"]
[SourceVersion "1"]
[SourceVersionDate "2023.10.10"]
[SourceQuality "1"]

1. c4 c5 2. Nf3 Nc6 3. d4 cxd4 4. Nxd4 g6 5. e4 Bg7 6. Be3 Nf6 7. Nc3 0-0 8. Be2 d6 9. 0-0 Bd7 10. Nc2 Ne8 11. Qd2 f5 12. exf5 Bxf5 13. Nd4 Nxd4 14. Bxd4 Nc7 15. Bxg7 Kxg7 16. Bf3 Qc8 17. Rfe1 Rf7 18. Rad1 Kg8 19. b3 Bg4 20. Bxg4 Qxg4 21. Re4 Qf5 22. Rde1 Re8 23. h3 a6 24. a4 Qd7 25. Qe3 Qc6 26. b4 e5 27. b5 axb5 28. axb5 Qd7 29. Rd1 Qe7 30. Qd2 Rf6 31. Na4 Kg7 32. Nb6 Rd8 33. Qe3 Qf8 34. f3 Ne6 35. Nd5 Rf7 36. Qc3 Nc5 37. Re2 h6 38. f4 Rxf4 39. Nxf4 Qxf4 40. Rxe5 dxe5 41. Rxd8 Ne4 42. Qe1 Nf6 43. Qf1 Qxc4 44. Qxc4 1-0

[Event "Bohumin op-A 6th"]
[Site "Bohumin"]
[Date "2023.07.09"]
[Round "9"]
[White "Drazic, Sinisa"]
[Black "Godzwon, Iwo"]
[Result "1/2-1/2"]
[WhiteElo "2374"]
[BlackElo "2395"]
[PlyCount "66"]
[EventDate "2023.07.01"]
[EventType "swiss"]
[EventRounds "9"]
[EventCountry "CZE"]
[SourceTitle "CBM 215 Extra"]
[Source "ChessBase"]
[SourceDate "2023.09.30"]
[SourceVersion "1"]
[SourceVersionDate "2023.09.30"]
[SourceQuality "1"]

1. d4 Nf6 2. Bg5 d5 3. Nd2 c5 4. e3 Nc6 5. c3 Qb6 6. Qb3 c4 7. Qc2 e5 8. dxe5 Nxe5 9. Ngf3 Nxf3+ 10. Nxf3 Be7 11. Be2 0-0 12. 0-0 h6 13. Bh4 g5 14. Bg3 Ne4 15. Be5 Bf5 16. Bd4 Qe6 17. Qd1 b6 18. Nd2 Nc5 19. b3 b5 20. Bxc5 Bxc5 21. Nf3 Be4 22. Nd4 Qb6 23. Bf3 Bxd4 24. exd4 Rfe8 25. Re1 Bxf3 26. Qxf3 cxb3 27. axb3 b4 28. h3 bxc3 29. Qxc3 Rac8 30. Rxe8+ Rxe8 31. Ra5 Rb8 32. Rxd5 Qxb3 33. Qxb3 Rxb3 1/2-1/2

[Event "Bohumin op-A 6th"]
[Site "Bohumin"]
[Date "2023.07.06"]
[Round "6"]
[White "Chylewski, Patryk"]
[Black "Godzwon, Iwo"]
[Result "1/2-1/2"]
[WhiteElo "2290"]
[BlackElo "2395"]
[PlyCount "22"]
[EventDate "2023.07.01"]
[EventType "swiss"]
[EventRounds "9"]
[EventCountry "CZE"]
[SourceTitle "CBM 215 Extra"]
[Source "ChessBase"]
[SourceDate "2023.09.30"]
[SourceVersion "1"]
[SourceVersionDate "2023.09.30"]
[SourceQuality "1"]

1. e4 c6 2. d4 d5 3. e5 c5 4. dxc5 e6 5. a3 Bxc5 6. Qg4 Ne7 7. Qxg7 Ng6 8. Nf3 Bf8 9. Qf6 Be7 10. Qg7 Bf8 11. Qf6 Be7 1/2-1/2

[Event "Titled Tuesday intern op 23rd May Late"]
[Site "Chess.com INT"]
[Date "2023.05.23"]
[Round "2"]
[White "Godzwon, Iwo"]
[Black "Szente Varga, Fruzsina"]
[Result "1-0"]
[WhiteElo "2395"]
[BlackElo "2075"]
[PlyCount "75"]
[EventDate "2023.05.23"]
[EventType "swiss (blitz)"]
[EventRounds "11"]
[EventCountry "USA"]
[SourceTitle "EXT 2024"]
[Source "ChessBase"]
[SourceDate "2023.10.10"]
[SourceVersion "1"]
[SourceVersionDate "2023.10.10"]
[SourceQuality "1"]

1. e4 c5 2. Nf3 Nc6 3. Bb5 g6 4. Bxc6 dxc6 5. d3 Bg7 6. h3 Nf6 7. Nc3 Nd7 8. Be3 e5 9. 0-0 b6 10. Qd2 h6 11. b3 Nf8 12. Nh2 Ne6 13. Ne2 Qc7 14. Rae1 Bd7 15. f4 exf4 16. Nxf4 0-0-0 17. Nf3 g5 18. Nh5 Bf8 19. Bf2 Bd6 20. e5 Be7 21. Bg3 Rhg8 22. Nh2 Be8 23. Ng4 Nd4 24. e6 Bd6 25. Bxd6 Rxd6 26. Nhf6 Rf8 27. Nxe8 Rxe8 28. exf7 Rf8 29. Re8+ Rd8 30. Rxd8+ Qxd8 31. Nxh6 Qe7 32. Qf2 Ne2+ 33. Kh1 Nf4 34. g3 Nxh3 35. Qf5+ Qd7 36. Kh2 Kc7 37. Qxd7+ Kxd7 38. Kxh3 1-0

[Event "Titled Tuesday intern op 23rd May Late"]
[Site "Chess.com INT"]
[Date "2023.05.23"]
[Round "3"]
[White "Rasulov, Vugar Ural Oglu"]
[Black "Godzwon, Iwo"]
[Result "1-0"]
[WhiteElo "2523"]
[BlackElo "2395"]
[PlyCount "79"]
[EventDate "2023.05.23"]
[EventType "swiss (blitz)"]
[EventRounds "11"]
[EventCountry "USA"]
[SourceTitle "EXT 2024"]
[Source "ChessBase"]
[SourceDate "2023.10.10"]
[SourceVersion "1"]
[SourceVersionDate "2023.10.10"]
[SourceQuality "1"]

1. c4 e5 2. Nc3 Nf6 3. g3 Nc6 4. Bg2 Bc5 5. d3 0-0 6. Nf3 h6 7. 0-0 d6 8. Na4 Bb6 9. b3 Re8 10. Bb2 Bf5 11. e4 Bg4 12. Nxb6 axb6 13. h3 Bxf3 14. Bxf3 Nd7 15. a3 Nc5 16. b4 Ne6 17. Bg4 Ncd4 18. h4 Rf8 19. Kg2 Qe7 20. Bc1 f5 21. exf5 Nxf5 22. Ra2 Rf6 23. a4 Raf8 24. a5 bxa5 25. bxa5 Nc5 26. Bxf5 Rxf5 27. Be3 Qd7 28. d4 exd4 29. Qxd4 Qc6+ 30. Kg1 Nd7 31. Rb1 Kh7 32. f4 Nc5 33. Rg2 Re8 34. g4 Re4 35. gxf5 Rxd4 36. Bxd4 h5 37. Rxg7+ Kh6 38. Re1 Qf3 39. Rg6+ Kh7 40. Re7# 1-0

[Event "Titled Tuesday intern op 23rd May Late"]
[Site "Chess.com INT"]
[Date "2023.05.23"]
[Round "1"]
[White "Sarkar, Justin"]
[Black "Godzwon, Iwo"]
[Result "0-1"]
[WhiteElo "2309"]
[BlackElo "2395"]
[PlyCount "64"]
[EventDate "2023.05.23"]
[EventType "swiss (blitz)"]
[EventRounds "11"]
[EventCountry "USA"]
[SourceTitle "EXT 2024"]
[Source "ChessBase"]
[SourceDate "2023.10.10"]
[SourceVersion "1"]
[SourceVersionDate "2023.10.10"]
[SourceQuality "1"]

1. e4 c5 2. Nf3 e6 3. d4 cxd4 4. Nxd4 Nf6 5. Nc3 d6 6. Bd3 a6 7. 0-0 b5 8. a4 b4 9. Na2 Bb7 10. Nxb4 d5 11. exd5 Bxb4 12. dxe6 0-0 13. exf7+ Rxf7 14. Bc4 Bd5 15. Ne6 Qd7 16. Bxd5 Qxd5 17. Qxd5 Nxd5 18. Rd1 Rd7 19. c3 Be7 20. Bg5 Bxg5 21. Nxg5 Nf6 22. a5 Nc6 23. Rxd7 Nxd7 24. b4 Nde5 25. Rd1 Na7 26. Kf1 Nb5 27. Ne4 Rc8 28. Rd5 Ng4 29. h3 Nf6 30. Nxf6+ gxf6 31. Rd7 Rxc3 32. Rb7 Rc6 0-1

[Event "Titled Tuesday intern op 28th Mar Early"]
[Site "Chess.com INT"]
[Date "2023.03.28"]
[Round "4"]
[White "Daneshvar, Bardiya"]
[Black "Godzwon, Iwo"]
[Result "1-0"]
[WhiteElo "2535"]
[BlackElo "2381"]
[PlyCount "89"]
[EventDate "2023.03.28"]
[EventType "swiss (blitz)"]
[EventRounds "11"]
[EventCountry "USA"]
[SourceTitle "EXT 2024"]
[Source "ChessBase"]
[SourceDate "2023.10.10"]
[SourceVersion "1"]
[SourceVersionDate "2023.10.10"]
[SourceQuality "1"]

1. b3 b6 2. e4 Bb7 3. Nc3 e5 4. Nf3 Nc6 5. Bb2 Nf6 6. Bc4 Be7 7. 0-0 0-0 8. Re1 Re8 9. Nd5 Bf8 10. Nxf6+ Qxf6 11. Bd5 d6 12. d4 Na5 13. Bxb7 Nxb7 14. d5 a5 15. c4 Nc5 16. Qe2 Qg6 17. Nh4 Qg5 18. g3 g6 19. Bc1 Qe7 20. Qc2 Bg7 21. Be3 Nd7 22. a3 Ra6 23. f3 Bf6 24. Ng2 Bg5 25. Bf2 h5 26. Qd3 Nc5 27. Bxc5 bxc5 28. Reb1 Rb8 29. h4 Bh6 30. Rb2 Rab6 31. Rab1 Qd7 32. Qc3 Ra8 33. Kh2 Qc8 34. b4 axb4 35. axb4 cxb4 36. Rxb4 Rxb4 37. Qxb4 Ra7 38. c5 dxc5 39. Qxc5 Qa6 40. Rb8+ Kh7 41. Qe7 c6 42. Qe8 Bg7 43. g4 hxg4 44. fxg4 cxd5 45. g5 1-0

[Event "Titled Tuesday intern op 28th Mar Late"]
[Site "Chess.com INT"]
[Date "2023.03.28"]
[Round "6"]
[White "Godzwon, Iwo"]
[Black "Olsson, William"]
[Result "1-0"]
[WhiteElo "2381"]
[BlackElo "2361"]
[PlyCount "65"]
[EventDate "2023.03.28"]
[EventType "swiss (blitz)"]
[EventRounds "11"]
[EventCountry "USA"]
[SourceTitle "EXT 2024"]
[Source "ChessBase"]
[SourceDate "2023.10.10"]
[SourceVersion "1"]
[SourceVersionDate "2023.10.10"]
[SourceQuality "1"]

1. e4 c5 2. Nf3 d6 3. Bb5+ Nd7 4. c3 a6 5. Ba4 b5 6. Bc2 Bb7 7. 0-0 Ngf6 8. Re1 e6 9. d4 Be7 10. Nbd2 0-0 11. Nf1 Rc8 12. e5 dxe5 13. dxe5 Nd5 14. Qd3 g6 15. Bh6 Re8 16. Ng3 c4 17. Qd2 Nc5 18. Rad1 Qc7 19. Bg5 Rcd8 20. Qc1 Nb6 21. Nd4 Nd5 22. h4 Rd7 23. h5 Bf8 24. Bh6 Be7 25. Ne4 Nxe4 26. Bxe4 Bc5 27. Qg5 Be7 28. Qg3 Kh8 29. hxg6 hxg6 30. Qh3 Bc5 31. Bg5+ Kg8 32. Bxd5 Rxd5 33. Bf6 1-0

[Event "Titled Tuesday intern op 28th Mar Late"]
[Site "Chess.com INT"]
[Date "2023.03.28"]
[Round "2"]
[White "Godzwon, Iwo"]
[Black "Sarana, Alexey"]
[Result "1/2-1/2"]
[WhiteElo "2381"]
[BlackElo "2668"]
[PlyCount "71"]
[EventDate "2023.03.28"]
[EventType "swiss (blitz)"]
[EventRounds "11"]
[EventCountry "USA"]
[SourceTitle "EXT 2024"]
[Source "ChessBase"]
[SourceDate "2023.10.10"]
[SourceVersion "1"]
[SourceVersionDate "2023.10.10"]
[SourceQuality "1"]

1. e4 c5 2. Nf3 d6 3. Bb5+ Nd7 4. a4 Ngf6 5. Nc3 g6 6. 0-0 Bg7 7. d4 cxd4 8. Qxd4 0-0 9. Bg5 a6 10. Bxd7 Bxd7 11. Rfe1 Bc6 12. Qd3 Qa5 13. Bd2 Qh5 14. Nd4 Ng4 15. h3 Ne5 16. Qf1 Rac8 17. Nxc6 Rxc6 18. Nd5 Rxc2 19. Nxe7+ Kh8 20. Bc3 Qg5 21. Bxe5 Bxe5 22. Nd5 Rxb2 23. Rad1 Bg7 24. Ne3 Rb4 25. Rxd6 Rxa4 26. Qd3 b5 27. Rd1 Ra2 28. Rd8 Qf4 29. Rxf8+ Bxf8 30. Qd4+ Kg8 31. Nd5 Qh6 32. Nf6+ Kh8 33. Nh5+ Kg8 34. Nf6+ Kh8 35. Nh5+ Kg8 36. Nf6+ 1/2-1/2

[Event "Titled Tuesday intern op 28th Mar Late"]
[Site "Chess.com INT"]
[Date "2023.03.28"]
[Round "7"]
[White "Tari, Aryan"]
[Black "Godzwon, Iwo"]
[Result "1-0"]
[WhiteElo "2649"]
[BlackElo "2381"]
[PlyCount "57"]
[EventDate "2023.03.28"]
[EventType "swiss (blitz)"]
[EventRounds "11"]
[EventCountry "USA"]
[SourceTitle "EXT 2024"]
[Source "ChessBase"]
[SourceDate "2023.10.10"]
[SourceVersion "1"]
[SourceVersionDate "2023.10.10"]
[SourceQuality "1"]

1. e4 c5 2. Nf3 e6 3. Nc3 a6 4. g3 Nc6 5. d4 cxd4 6. Nxd4 d6 7. Bg2 Bd7 8. 0-0 Nf6 9. Be3 Be7 10. a4 Nxd4 11. Bxd4 Bc6 12. a5 0-0 13. f4 e5 14. Bb6 Qc8 15. h3 Re8 16. Kh2 exf4 17. Rxf4 Nd7 18. Bd4 Ne5 19. Qh5 Bf6 20. Rxf6 gxf6 21. Rf1 Qe6 22. Qh6 f5 23. Qh4 fxe4 24. Rf6 Qe7 25. Nxe4 Bxe4 26. Bxe4 Ng6 27. Rxg6+ fxg6 28. Bd5+ Qe6 29. Qf6 1-0

[Event "Titled Tuesday intern op 21st Mar Late"]
[Site "Chess.com INT"]
[Date "2023.03.21"]
[Round "2"]
[White "Firouzja, Alireza"]
[Black "Godzwon, Iwo"]
[Result "1-0"]
[WhiteElo "2785"]
[BlackElo "2381"]
[PlyCount "85"]
[EventDate "2023.03.21"]
[EventType "swiss (blitz)"]
[EventRounds "11"]
[EventCountry "USA"]
[SourceTitle "EXT 2024"]
[Source "ChessBase"]
[SourceDate "2023.10.10"]
[SourceVersion "1"]
[SourceVersionDate "2023.10.10"]
[SourceQuality "1"]

1. d4 Nf6 2. c4 e6 3. Nf3 b6 4. g3 Bb7 5. Bg2 Bb4+ 6. Bd2 Bxd2+ 7. Qxd2 0-0 8. 0-0 d6 9. Nc3 Ne4 10. Nxe4 Bxe4 11. Qe3 Bb7 12. Qd3 f5 13. d5 e5 14. e4 fxe4 15. Qxe4 Nd7 16. h4 h6 17. Nd2 Nc5 18. Qe3 a5 19. b3 Bc8 20. a3 Bf5 21. b4 axb4 22. axb4 Nd3 23. Rab1 Ra4 24. Be4 Ra3 25. Bxf5 Rxf5 26. Ne4 Qf8 27. Rbd1 Rf3 28. Qe2 Qf5 29. Rxd3 Raxd3 30. Kg2 Rfe3 31. Nf6+ gxf6 32. fxe3 Qe4+ 33. Kh3 Rxe3 34. Qh5 Kg7 35. Qe8 Qg6 36. Qd7+ Qf7 37. Qc8 h5 38. Ra1 Kh6 39. Qh8+ Kg6 40. Qc8 Qg7 41. Rg1 Kh6 42. Qf5 Qg6 43. Qc8 1-0

[Event "Titled Tuesday intern op 21st Mar Late"]
[Site "Chess.com INT"]
[Date "2023.03.21"]
[Round "4"]
[White "Godzwon, Iwo"]
[Black "Narayanan, Sunilduth Lyna"]
[Result "0-1"]
[WhiteElo "2381"]
[BlackElo "2664"]
[PlyCount "84"]
[EventDate "2023.03.21"]
[EventType "swiss (blitz)"]
[EventRounds "11"]
[EventCountry "USA"]
[SourceTitle "EXT 2024"]
[Source "ChessBase"]
[SourceDate "2023.10.10"]
[SourceVersion "1"]
[SourceVersionDate "2023.10.10"]
[SourceQuality "1"]

1. e4 e6 2. d4 d5 3. Nd2 h6 4. Bd3 c5 5. dxc5 Nf6 6. e5 Nfd7 7. Ngf3 Nxc5 8. 0-0 Nc6 9. Qe2 g5 10. Nb3 Nxb3 11. axb3 g4 12. Ne1 h5 13. Bf4 Bh6 14. Bxh6 Rxh6 15. f4 Bd7 16. c3 Qb6+ 17. Kh1 Qxb3 18. f5 Qb6 19. fxe6 Bxe6 20. Bf5 0-0-0 21. Nd3 Qc7 22. b4 Kb8 23. Rae1 Re8 24. Qd2 Rhh8 25. Bxe6 fxe6 26. Rf6 h4 27. Qf4 h3 28. Nc5 hxg2+ 29. Kxg2 Nd8 30. Re3 Qh7 31. Kg1 Reg8 32. Qg3 Qb1+ 33. Re1 Qc2 34. Rf2 Qh7 35. Rf6 Qe7 36. Re3 Rh3 37. Qf2 Rxe3 38. Qxe3 Qh7 39. Nxe6 Nxe6 40. Rxe6 g3 41. hxg3 Qh3 42. Kf2 Qxe6 0-1

[Event "Titled Tuesday intern op 14th Mar Late"]
[Site "Chess.com INT"]
[Date "2023.03.14"]
[Round "4"]
[White "Bortnyk, Olexandr"]
[Black "Godzwon, Iwo"]
[Result "1-0"]
[WhiteElo "2605"]
[BlackElo "2381"]
[PlyCount "45"]
[EventDate "2023.03.14"]
[EventType "swiss (blitz)"]
[EventRounds "11"]
[EventCountry "USA"]
[SourceTitle "EXT 2024"]
[Source "ChessBase"]
[SourceDate "2023.10.10"]
[SourceVersion "1"]
[SourceVersionDate "2023.10.10"]
[SourceQuality "1"]

1. d4 Nf6 2. Nc3 d5 3. Bf4 c6 4. e3 Bf5 5. Nf3 e6 6. Ne5 Nbd7 7. g4 Bg6 8. h4 h6 9. Nxg6 fxg6 10. Bd3 Kf7 11. Qf3 Bb4 12. 0-0-0 Bxc3 13. bxc3 Kg8 14. Bxg6 Qa5 15. g5 Ne4 16. Bxe4 dxe4 17. Qxe4 Re8 18. gxh6 Qxc3 19. Rdg1 Rh7 20. Qg6 Re7 21. Bd6 Rf7 22. Qxe6 Qa3+ 23. Bxa3 1-0

[Event "Titled Tuesday intern op 07th Feb Late"]
[Site "Chess.com INT"]
[Date "2023.02.07"]
[Round "10"]
[White "Godzwon, Iwo"]
[Black "Baskakov, Egor"]
[Result "0-1"]
[WhiteElo "2379"]
[BlackElo "2215"]
[PlyCount "74"]
[EventDate "2023.02.07"]
[EventType "swiss (blitz)"]
[EventRounds "11"]
[EventCountry "USA"]
[SourceTitle "EXT 2024"]
[Source "ChessBase"]
[SourceDate "2023.10.10"]
[SourceVersion "1"]
[SourceVersionDate "2023.10.10"]
[SourceQuality "1"]

1. e4 c5 2. Nf3 Nf6 3. e5 Nd5 4. Nc3 e6 5. Nxd5 exd5 6. d4 Nc6 7. dxc5 Bxc5 8. Qxd5 d6 9. exd6 Qb6 10. Bc4 Bxf2+ 11. Kd1 0-0 12. Ng5 Bg4+ 13. Be2 Bxe2+ 14. Kxe2 Rae8+ 15. Kd1 Be3 16. Bxe3 Rxe3 17. Kc1 Re5 18. Qd2 Nb4 19. a3 Nxc2 20. Kxc2 Qb5 21. Nf3 Re2 22. Rad1 Rxd2+ 23. Rxd2 Qf5+ 24. Kb3 Rd8 25. Rhd1 b5 26. Rd5 Qe6 27. Kb4 Qe2 28. b3 Qxg2 29. Ne5 Qe4+ 30. Ka5 Qc2 31. R1d3 f6 32. Ng4 Qc6 33. Ne3 b4 34. Nf5 Qb6+ 35. Ka4 Rb8 36. R3d4 Qa6+ 37. Ra5 Qc6+ 0-1

[Event "Titled Tuesday intern op 07th Feb Late"]
[Site "Chess.com INT"]
[Date "2023.02.07"]
[Round "4"]
[White "Godzwon, Iwo"]
[Black "Mazurkiewicz, Michal"]
[Result "1-0"]
[WhiteElo "2379"]
[BlackElo "2145"]
[PlyCount "87"]
[EventDate "2023.02.07"]
[EventType "swiss (blitz)"]
[EventRounds "11"]
[EventCountry "USA"]
[SourceTitle "EXT 2024"]
[Source "ChessBase"]
[SourceDate "2023.10.10"]
[SourceVersion "1"]
[SourceVersionDate "2023.10.10"]
[SourceQuality "1"]

1. e4 d6 2. d4 Nf6 3. Nc3 c6 4. f4 Qb6 5. Nf3 Bg4 6. Be2 e6 7. 0-0 d5 8. e5 Nfd7 9. a3 c5 10. dxc5 Bxc5+ 11. Kh1 Be7 12. h3 Bxf3 13. Rxf3 g6 14. Be3 Qd8 15. Nb5 Nc6 16. c4 dxc4 17. Bxc4 0-0 18. Qe2 a6 19. Nc3 Nb6 20. Ba2 Nd4 21. Qf2 Nxf3 22. Bxb6 Qd2 23. Qxf3 Qxb2 24. Rb1 Qxa3 25. Rb3 Qc1+ 26. Kh2 Rac8 27. Ne4 Qc2 28. Bb1 Qc6 29. Bd4 Qd5 30. Rd3 Rc1 31. Bb2 Rxb1 32. Rxd5 exd5 33. Nc3 Rxb2 34. Nxd5 Bd8 35. f5 Re8 36. Qe4 Rb5 37. e6 gxf5 38. exf7+ Kxf7 39. Qxf5+ Kg8 40. Qg4+ Kf7 41. Qd7+ Be7 42. Nc7 Re5 43. Qxe8+ Kf6 44. Qh8+ 1-0